00381nam a2200157Ia 450000100040000000500170000400800410002104100080006208200140007010000240008424500620010826000090017030000280017965000080020765400080021581320260306140545.0260306t2008||||xx |||||||||||||| ||spa|| aESP a170bG51A aGiusti, MigueleAUT 0aEl soñado bien, el mal presente:brumores de la ética c2008 a246 páginas :c23 cm. aGEN aCHU